<?xml version="1.0" encoding="UTF-8"?>
<record
    xmlns:xsi="http://www.w3.org/2001/XMLSchema-instance"
    xsi:schemaLocation="http://www.loc.gov/MARC21/slim http://www.loc.gov/standards/marcxml/schema/MARC21slim.xsd"
    xmlns="http://www.loc.gov/MARC21/slim">

  <leader>01106njm a22002657a 4500</leader>
  <controlfield tag="005">20100906110713.0</controlfield>
  <controlfield tag="007">sd ammalaaahaa</controlfield>
  <controlfield tag="008">100830t        xxu||||| |||| 00| 0 hin d</controlfield>
  <datafield tag="028" ind1=" " ind2=" ">
    <subfield code="a">N. 53623</subfield>
    <subfield code="b">His Master's Voice</subfield>
  </datafield>
  <datafield tag="035" ind1=" " ind2=" ">
    <subfield code="a">GR-838</subfield>
  </datafield>
  <datafield tag="040" ind1=" " ind2=" ">
    <subfield code="a">SED/VEN</subfield>
  </datafield>
  <datafield tag="100" ind1=" " ind2=" ">
    <subfield code="9">17458</subfield>
    <subfield code="a">Mohd. Rafi </subfield>
  </datafield>
  <datafield tag="245" ind1=" " ind2=" ">
    <subfield code="a">Nai maa bhag 1 /</subfield>
    <subfield code="c">by Mohd Rafi &amp; Asha Bhosle ; music Dtn. Ravi ; lyric Rajendre Krishen</subfield>
    <subfield code="h">[Sound recording] :</subfield>
  </datafield>
  <datafield tag="246" ind1=" " ind2=" ">
    <subfield code="a">&#x928;&#x908; &#x92E;&#x93E;&#x901; (&#x92E;&#x94B;&#x939;&#x926; &#x930;&#x92B;&#x93C;&#x940;)</subfield>
  </datafield>
  <datafield tag="260" ind1=" " ind2=" ">
    <subfield code="a">Dum Dum, India </subfield>
    <subfield code="b">His Master's Voice</subfield>
  </datafield>
  <datafield tag="300" ind1=" " ind2=" ">
    <subfield code="a">1 Sound disc [Gramophone Record] :</subfield>
    <subfield code="b">anlog, 33 1/3 rpm</subfield>
    <subfield code="c">10 in (LP)</subfield>
    <subfield code="f">Gramophone Records</subfield>
  </datafield>
  <datafield tag="500" ind1=" " ind2=" ">
    <subfield code="a">Brief record </subfield>
  </datafield>
  <datafield tag="505" ind1=" " ind2=" ">
    <subfield code="a">Jang ka dushaman aman ka sathi, takdir ke chakkar (&#x91C;&#x902;&#x917; &#x915;&#x93E; &#x926;&#x941;&#x936;&#x94D;&#x92E;&#x928; &#x905;&#x92E;&#x928; &#x915;&#x93E; &#x938;&#x93E;&#x925;&#x940;) ( &#x924;&#x915;&#x93C;&#x926;&#x940;&#x930; &#x915;&#x947; &#x91A;&#x915;&#x94D;&#x915;&#x930;) &#x92D;&#x93E;&#x917;. 2   </subfield>
  </datafield>
  <datafield tag="650" ind1=" " ind2=" ">
    <subfield code="a">Clasical music</subfield>
    <subfield code="9">1186</subfield>
    <subfield code="z">India</subfield>
    <subfield code="x">Excerpts</subfield>
  </datafield>
  <datafield tag="700" ind1=" " ind2=" ">
    <subfield code="9">17459</subfield>
    <subfield code="a">Ravi</subfield>
  </datafield>
  <datafield tag="700" ind1=" " ind2=" ">
    <subfield code="a">Rajendre Krishen</subfield>
    <subfield code="9">18539</subfield>
  </datafield>
  <datafield tag="700" ind1=" " ind2=" ">
    <subfield code="9">18530</subfield>
  </datafield>
  <datafield tag="942" ind1=" " ind2=" ">
    <subfield code="2">ddc</subfield>
    <subfield code="c">GR</subfield>
  </datafield>
  <datafield tag="999" ind1=" " ind2=" ">
    <subfield code="c">43986</subfield>
    <subfield code="d">43986</subfield>
  </datafield>
  <datafield tag="952" ind1=" " ind2=" ">
    <subfield code="0">0</subfield>
    <subfield code="1">0</subfield>
    <subfield code="2">ddc</subfield>
    <subfield code="4">0</subfield>
    <subfield code="7">1</subfield>
    <subfield code="8">NFIC</subfield>
    <subfield code="a">L</subfield>
    <subfield code="b">L</subfield>
    <subfield code="d">2010-09-06</subfield>
    <subfield code="e">SED/VEN</subfield>
    <subfield code="l">0</subfield>
    <subfield code="p">GR-838</subfield>
    <subfield code="r">2010-09-06 00:00:00</subfield>
    <subfield code="t">1</subfield>
    <subfield code="w">2010-09-06</subfield>
    <subfield code="y">GR</subfield>
  </datafield>
</record>
